| 000 | 00862nam a2200265 a 4500 | ||
|---|---|---|---|
| 001 | 83929 | ||
| 003 | BD-RjUL | ||
| 005 | 20240627123738.0 | ||
| 008 | 240627s2023 enk||||| |||| 00| 0 eng d | ||
| 020 | _a9781138119024 (hbk) | ||
| 035 | _a(BD-RjUL)83929 | ||
| 040 |
_aBD-RjUL _beng _cBD-RjUL |
||
| 041 | _aeng | ||
| 082 |
_223 _a800 _bBEI 2023 |
||
| 100 |
_aBennett, Andrew _913370 |
||
| 245 |
_aAn introduction to literature, criticism and theory / _cAndrew Bennett and Nicholas Royle. |
||
| 250 | _aSixth edition. | ||
| 260 |
_aLondon : _bOutledge, Taylor & Francis Group, _c2023 |
||
| 300 |
_axv, 523 pages ; _c24 cm. |
||
| 504 | _aIncludes bibliographical references and index. | ||
| 650 |
_a Literature _xHistory and criticism _xTheory _913371 |
||
| 650 | _aCriticism, interpretation, etc | ||
| 700 |
_aRoyle, Nicholas _913372 |
||
| 942 |
_2ddc _cBK |
||
| 999 |
_c83929 _d83929 |
||